|
|
|
|
| LEADER |
00000cam a2200000 4500 |
| 001 |
vtls012254354 |
| 003 |
SK-MaSNL |
| 005 |
20260301014448.0 |
| 008 |
240410s2024 xo oaf g b 001 0 slo |
| 015 |
|
|
|a SNBA2024/11
|
| 020 |
|
|
|a 9788055190020
|q (viazané)
|
| 040 |
|
|
|a SNK
|b slo
|c SNK
|e rda
|
| 041 |
0 |
|
|a slo
|
| 043 |
|
|
|a e-xo---
|
| 044 |
|
|
|a xo
|c SK
|
| 072 |
|
7 |
|a 72
|x Architektúra
|2 konspekt
|
| 072 |
|
7 |
|a 7.01/.09
|x Umenie
|2 konspekt
|
| 080 |
|
|
|a 726:27-523.41
|2 2011
|
| 080 |
|
|
|a 726:2-523.4
|2 2011
|
| 080 |
|
|
|a 7.046.3
|2 2011
|
| 080 |
|
|
|a 72:904
|2 2011
|
| 080 |
|
|
|a (437.672)
|2 2011
|
| 080 |
|
|
|a (084.12)
|2 2011
|
| 080 |
|
|
|a (0.027.6)
|2 2011
|
| 100 |
1 |
|
|a Nádaská, Katarína,
|d 1983-
|4 aut
|4 com
|9 247995
|
| 245 |
1 |
0 |
|a Dóm svätej Alžbety
|c autorka textov Katarína Nádaská ; autor fotografií Jan William Drnek
|
| 250 |
|
|
|a Prvé vydanie
|
| 264 |
|
1 |
|a Bratislava
|b Ikar
|c 2024
|
| 300 |
|
|
|a 301 strán
|b farebné fotografie
|c 39 cm
|e 1 voľný list
|
| 336 |
|
|
|a text
|b txt
|2 rdacontent
|
| 336 |
|
|
|a statický obraz
|b sti
|2 rdacontent
|
| 337 |
|
|
|a bez média
|b n
|2 rdamedia
|
| 338 |
|
|
|a zväzok
|b nc
|2 rdacarrier
|
| 338 |
|
|
|a list
|b mb
|2 rdacarrier
|
| 366 |
|
|
|e 909 kusov
|
| 490 |
1 |
|
|a Luxusná knižnica
|
| 500 |
|
|
|a Každý výtlačok je očíslovaný na oriezke
|
| 504 |
|
|
|a Obsahuje bibliografiu na strane 300, bibliografiu k doplnkovým textom na strane 301 a register vybraných objektov
|
| 610 |
2 |
7 |
|a Dóm sv. Alžbety (Košice, Slovensko)
|2 SNKKA
|9 34070
|
| 650 |
0 |
7 |
|a katedrály
|2 SNKPH
|9 3032
|
| 650 |
0 |
7 |
|a cirkevná architektúra
|2 SNKPH
|9 727
|
| 650 |
0 |
7 |
|a sakrálne umenie
|2 SNKPH
|9 1064
|
| 650 |
0 |
7 |
|a architektonické pamiatky
|2 SNKPH
|9 28990
|
| 650 |
0 |
7 |
|a Cathedrals
|2 SNKPHeng
|9 302791
|
| 650 |
0 |
7 |
|a Church architecture
|2 SNKPHeng
|9 302692
|
| 650 |
0 |
7 |
|a Sacral art
|2 SNKPHeng
|9 302792
|
| 650 |
0 |
7 |
|a Architectural monuments
|2 SNKPHeng
|9 279148
|
| 651 |
|
7 |
|a Košice (Slovensko)
|2 SNKPHgeo
|9 18694
|
| 651 |
|
7 |
|a Košice (Slovakia)
|2 SNKPHeng
|9 265902
|
| 655 |
|
7 |
|a fotografické publikácie
|2 SNKPH
|9 70483
|
| 655 |
|
7 |
|a Photographic publication
|2 SNKPHeng
|9 266858
|
| 655 |
|
7 |
|a bibliofílie
|2 SNKPH
|9 70531
|
| 655 |
|
7 |
|a Bibliophilie
|2 SNKPHeng
|9 302793
|
| 700 |
1 |
|
|a Drnek, Jan William
|4 pht
|9 302794
|
| 700 |
1 |
|
|a Drnková, Jana
|c mladšia
|4 bkd
|9 302795
|
| 830 |
|
0 |
|a Luxusná knižnica
|9 302796
|
| 852 |
|
|
|a Slovenská národná knižnica
|
| 919 |
|
|
|a 978-80-551-9002-0
|
| 954 |
|
|
|a odborná, vedecká literatúra pôvodná (slovenská)
|2 lita
|
| 954 |
|
|
|a obrazové publikácie zamerané na výtvarné umenie a fotografiu pôvodné (slovenské)
|2 lita
|
| 958 |
|
|
|a NB
|
| 999 |
|
|
|c 558608
|d 560538
|
| 952 |
|
|
|a SNK
|b SNK
|y PREZ
|7 0
|p 17A1562019
|o snkSA 1511/príl.
|i snk2024/17030
|8 0
|z 1 príloha: dekrét o vlastníctve + kupón v obálke
|0 0
|1 0
|4 0
|d 2024-11-07
|l 0
|r 2025-01-23 00:00:00
|w 2026-02-23
|
| 952 |
|
|
|a SNK
|b SNK
|y PREZ
|7 0
|p 17A1562018
|o snkSA 1511
|i snk2024/17030
|8 0
|3 + 1 príloha: certifikát a kupón v obálke
|z číslo limitovanej publikácie 293/909
|0 0
|1 0
|4 0
|d 2024-11-07
|l 0
|r 2025-01-23 00:00:00
|w 2026-02-23
|